Top 50 classement UEFA - Statistiques

Statistiques générales
  • Ce quiz a été pris 220 fois
  • Le résultat moyen est 30 sur 50
Statistiques - réponses
Position Réponse % Correct
1 Real Madrid
99%
10 Barca
98%
3 Bayern Munich
97%
2 Manchester City
97%
5 PSG
97%
11 Manchester United
95%
45 OM
94%
14 Atletico Madrid
92%
6 Inter Milan
92%
4 Liverpool
92%
12 Arsenal
90%
7 Chelsea
90%
8 Dortmund
88%
19 AC Milan
87%
22 Juventus
85%
30 Ajax
77%
18 FC Porto
77%
15 Benfica
76%
13 Leverkusen
75%
27 Tottenham
75%
34 Napoli
74%
46 Aston Villa
69%
31 Lille
68%
28 PSV
68%
36 Sevilla
68%
35 Sporting CP
66%
9 Roma
65%
21 Lazio
62%
20 Leipzig
58%
16 Atalanta
52%
26 Feyenoord
50%
40 Real Betis
47%
33 Fiorentina
45%
29 West Ham
40%
23 Frankfurt
39%
48 Braga
34%
37 Olympiakos
32%
32 Real Sociedad
31%
44 Salzbourg
31%
25 Rangers
29%
41 Shakhtar
26%
49 Copenhagen
23%
47 Fenerbahçe
23%
17 Villarreal
19%
24 Club Bruges
18%
42 Slavia
17%
43 Bodø/Glimt
14%
39 AZ
13%
38 Dynamo Zagreb
12%
50 Crvena Zvezda
1%
Aucun quiz correspondant
Distribution des résultats
% des personnes avec chaque résultat
Percentile par nombre de réponses
Votre historique - résultats
Vous n’avez pas pris ce quiz